| 000 | 00366nam a2200133Ia 4500 | ||
|---|---|---|---|
| 008 | 240624s9999 xx 000 0 und d | ||
| 041 | _aeng | ||
| 082 | _a330 BAN | ||
| 100 | _aBANERJEE ABHIJIT V | ||
| 245 | _aPOOR ECONOMICS RETHINKING POVERTY AND THE WAYS TO END IT | ||
| 260 |
_c2013 _aNew Delhi _bPenguin Books |
||
| 300 | _axv, 464 p.; 23 cm. | ||
| 365 |
_cRS _b25 |
||
| 999 |
_c31940 _d31940 |
||